|
|
|
|
| LEADER |
00000ny a22000003n 4500 |
| 005 |
20110606104229.0 |
| 008 |
970224s1994 sp s 000 0 spa c |
| 017 |
|
|
|a B42402-1994
|
| 020 |
|
|
|a 8476983077
|
| 035 |
|
|
|a 1152
|
| 040 |
|
|
|a UMA.DER
|d vLex
|
| 040 |
|
|
|a UMA.RE
|d vLex
|
| 080 |
|
|
|a 342.7:343.13(460)
|
| 080 |
|
|
|a 343.13:342.7(460)
|
| 090 |
|
|
|c 470
|d 470
|
| 100 |
1 |
|
|a Bald ̤Lavilla, Francisco
|
| 245 |
1 |
0 |
|a Estado de necesidad y legt̕ima defensa :
|b un estudio sobre las "situaciones de necesidad" de las que derivan facultades y deberes de salvaguarda
|h [Recurso electrn̤ico]
|c Francisco Bald ̤Lavilla
|
| 256 |
|
|
|a Servicio en ln̕ea
|
| 260 |
|
|
|a Barcelona :
|b Bosch,
|c 1994
|
| 300 |
|
|
|a 387 p. ;
|c 24 cm
|
| 504 |
|
|
|a Bibliogr.: p. 363-382
|
| 506 |
1 |
|
|a Contenido solo disponible en los productos indicados
|d vLex Global
|d vLex Global (Academic Edition, excluding Law Schools)
|d vLex Global (U.S. Academic Edition, Law Schools)
|d vLex Global (U.S. Academic Edition, excluding Law Schools)
|d vLex Global (Academic Edition, Law Schools)
|
| 650 |
0 |
7 |
|a Contrato vitalicio
|2 Tesauro vLex
|
| 650 |
0 |
7 |
|a Civil
|2 Tesauro vLex
|
| 650 |
0 |
7 |
|a Estado de necesidad
|2 Tesauro vLex
|
| 650 |
0 |
7 |
|a Legitima defensa
|2 Tesauro vLex
|
| 740 |
0 |
|
|a vLex Libros (Servicios en ln̕ea)
|
| 856 |
4 |
0 |
|u http://vlex.com/source/1152
|z Acceso restringido
|
| 942 |
|
|
|c BOOK
|
| 999 |
0 |
|
|a Civil Law
|b Barcelona
|